Estadísticas para 10 principales países con muertes de Covid-19 - 9 de abril

Haz click aquí para intentar la prueba.

Estadísticas generales

  • Esta prueba ha sido intentada 15 veces
  • La puntuación promedio es 9 de 13

Estadísticas de respuestas

tasa por
millón
país% Correcto
China
100%
326España
93%
50Estados Unidos
93%
187Francia
86%
302Italia
86%
Irán
79%
Alemania
71%
218Bélgica
50%
140Países Bajos
50%
118Reino Unido
50%
110Suiza
50%
79Suecia
29%
53Irlanda
21%

Distribución de puntuación

Porcentaje por número respondido

Porcentaje de gente con cada puntuación

Historial de tus puntuaciones

No has intentado esta prueba.